00421 2200181 4500001002100000005001500021008004100036020002200077035001900099041000600118082000800124090001400132100001600146245001400162260002900176300002400205650001000229INLIS00000000000419420241224112850241224||||||||| | ||| |||| ||  a978-602-8663-06-9 0010-1224004194 a00 a813 a813 LYO w0 aJayne Lyons00a100% Wolf aJakartabBuah Hatic2009 avi, 301 hlm.; 18 cm 0aNovel